Xử lý thống kê các số liệu thực nghiệm trong hoá học

Salvato in:
Dettagli Bibliografici
Autore principale: Hùynh Văn Trung
Natura: Libro
Lingua:Vietnamese
Pubblicazione: Khoa học và kỹ thuật 2006
Tags: Aggiungi Tag
Nessun Tag, puoi essere il primo ad aggiungerne! !
Thư viện lưu trữ: Mạng thư viện Đại học Đà Nẵng
LEADER 00704nam a2200253 4500
001 000021753
003 18201
005 20150423090448.0
008 150423s2006 viesd
020 |c 17000 
041 0 |a vie 
082 1 4 |a 540,021  |b HU-T 
100 1 |a Hùynh Văn Trung 
245 1 0 |a Xử lý thống kê các số liệu thực nghiệm trong hoá học  |c Hùynh Văn Trung chủ biên, Đỗ Quý Sơn 
260 |b Khoa học và kỹ thuật  |c 2006 
300 |a tr.  |c cm. 
OWN |a LSP 
999 |a From the UDN01 
TYP |a Monograph 
TYP |a Printed language 
980 |a Mạng thư viện Đại học Đà Nẵng